Champion de Proligue (2e division handball masculin) - Statistiques

Statistiques générales
  • Ce quiz a été pris 23 fois
  • Le résultat moyen est 10 sur 24
Statistiques - réponses
Saison Champion Dauphin ou finaliste % Correct
2023/2024 Tremblay HB Sélestat AHB
74%
2016/2017 Tremblay HB Massy EHB
74%
2013/2014 US Créteil Istres OP
68%
2010/2011 US Créteil Sélestat AHB
68%
2012/2013 Dijon BHB USAM Nîmes Gard
63%
2021/2022 Sélestat AHB JS Cherbourg
63%
2014/2015 US Ivry HB Chartres MHB28
63%
2022/2023 Dijon MH Saran LHB
58%
2020/2021 Saran LHB Grand Nancy MHB
58%
2009/2010 Paris HB RS Saint-Cyr THB
47%
2000/2001 USAM Nîmes SLUC Nancy COS Villers
47%
2015/2016 USM Saran Sélestat AHB
42%
2007/2008 HBC Nantes Aurillac HBCA
37%
2017/2018 Istres PHB Pontault-Combault HB
37%
2008/2009 OC Cesson Dijon BHB
37%
2004/2005 UMS Pontault-Combault Tremblay HB
37%
2019/2020 Cesson Rennes HB Limoges H87
32%
2018/2019 Chartres MHB US Créteil
32%
2006/2007 Saint-Raphaël VHB Villeurbanne HBA
32%
2001/2002 Villeurbanne HBA GFCO Ajaccio
26%
2011/2012 Pays d'Aix UC Billère HB
16%
2002/2003 Livry-Gargan HB UMS Pontault-Combault
5%
2005/2006 SMV Porte Normandie Villeurbanne HBA
5%
2003/2004 Villefranche HBB Saint-Raphaël VHB
0%
Aucun quiz correspondant
Distribution des résultats
% des personnes avec chaque résultat
Percentile par nombre de réponses
Votre historique - résultats
Vous n’avez pas pris ce quiz